Score 0/40 Timer 05:00
1 Play Today
Movie #1 Word % Correct
Air Force ___One
98%
Date ___Night
97%
School of ___Rock
96.7%
Live and Let ___Die
96.2%
Apollo ___13
96.2%
From Paris with ___Love
93.8%
Soylent ___Green
93.2%
The Scorpion ___King
93%
Cabin ___Fever
91.4%
Top ___Gun
89.3%
The Other Boleyn ___Girl
89.3%
Peeping ___Tom
88.6%
Meet Joe ___Black
88.2%
Grand ___Hotel
86.4%
Detroit Rock ___City
86.1%
In the Name of the ___Father
84.8%
Casualties of ___War
83.5%
This Boy's ___Life
83.4%
The Magnificent ___Seven
82.6%
Secret ___Agent
81.8%
Movie #1 Word % Correct
Dancer in the ___Dark
81%
National ___Treasure
80.9%
Animal ___House
78.4%
Eight Men ___Out
74.3%
End of ___Days
72.8%
Matchstick ___Men
70.4%
Mother, Jugs & ___Speed
69.2%
Dear ___John
69.1%
Earth Girls Are ___Easy
68.7%
Das ___Boot
68.7%
Lady in ___White
67.9%
A Time to ___Kill
64%
Bringing Up ___Baby
63.9%
Pink Floyd - The ___Wall
61.4%
Life Is ___Beautiful
55.6%
Into the ___Wild
53.7%
The Good ___Son
50.5%
The Great ___Escape
45.3%
Blackbeard's ___Ghost
39.6%
Touch of ___Evil
32.6%
Remove Ads.
Support Sporcle.
Get the best of Sporcle when you Go Orange. This ad-free experience offers more features, more stats, and more fun while also helping to support Sporcle. Thank you for becoming a member.

You're not logged in!

Compare scores with friends on all Sporcle quizzes.
OR
Log In

Show Comments

Extras

Top Quizzes Today


Score Distribution

Your Account Isn't Verified!

In order to create a playlist on Sporcle, you need to verify the email address you used during registration. Go to your Sporcle Settings to finish the process.

Report this User

Report this user for behavior that violates our Community Guidelines.

Details: